| 000 | 02170nam a22003137a 4500 | ||
|---|---|---|---|
| 001 | 8527 | ||
| 003 | FISKH | ||
| 005 | 20250917160942.0 | ||
| 008 | 250917b cb ||||| |||| 00| 0 eng d | ||
| 020 | _a9789996301308 | ||
| 040 |
_aFISKH _bkhr _cFISKH _dFISKH |
||
| 050 | _aPZ7 | ||
| 082 | _a800 | ||
| 100 | _aKimsun, Sotheary | ||
| 245 |
_aប្រាសាទព្រហ្មកិល : _bProhm Kil temple / _cរៀបរៀងដោយ អ្នកស្រី គឹមស៊ុន សុធារី |
||
| 260 |
_aPhnom Penh : _bEntry Meas Printing House , _c2011. |
||
| 300 |
_a24 pages : _bcolor illustrations ; _c25 cm . |
||
| 490 | _aពិភពរឿងនិទាន | ||
| 505 | _aP | ||
| 520 | _aនៅឃុំចុងកាល់ ស្រុកសំរោងចុងកាល់ ខេត្តសៀមរាប មានប្រាសាទបុរាណមួយ។ ប្រាសាទនោះមានស្រះពីរនៅក្បែរ។ តួប្រាសាទមានកម្ពស់ប្រហែល ៥,៥០ម ទំហំប្រាសាប្រហែល ១៥ ទៅ ១៦ ម៉ែត្របួនជ្រុង ខាងក្នុងប្រាសាទមានថ្មមួយផែនដូចជាបល្ល័ង្ក ។ ប្រាសាទនេះហៅថា ប្រាសាទព្រហ្មកិលនៅខាងជើងស្ទឹងមួយចំងាយប្រហែល ១៥០ ម៉ែត្រ ។ | ||
| 520 | _aAt Chong Kal commune, Samroang Chong Kal district, Siem Reap province situated an ancient temple, where two ponds are nearby and whose body is 5.50 meters high and size is approxmatedly 15 to 16 in a four-sided figure. Inside the temple there is a stone which looks like a throne . The temple is called Prohm Kill, located about 150 meters in the north of the lake . | ||
| 521 | 8 |
_a650
_bLexile estimate |
|
| 521 | 8 |
_aP
_bRaz-Plus |
|
| 650 | _aប្រាសាទព្រហ្មកិល | ||
| 650 | _aProhm Kil temple | ||
| 700 |
_aBunlim, Lang _eIllustrator |
||
| 942 |
_2ddc _cKHB _n0 |
||
| 999 |
_c8527 _d8527 |
||